[Event "4NCL Division 4 South"]
[Site "Daventry, ENG"]
[Date "2019.04.13"]
[Round "7.36"]
[White "Fraser, Susanna"]
[Black "Hurley, Jake"]
[Result "0-1"]
[WhiteElo "1649"]
[BlackElo "1837"]
[PlyCount "84"]
[EventDate "2019.04.13"]
[WhiteTeam "Fischer's Catch"]
[BlackTeam "West is Best 3"]

1. d4 e6 2. c4 f5 3. Nf3 Nf6 4. g3 Be7 5. Bg2 d6 6. O-O O-O 7. e3 a5 8. b3 Ne4
9. Bb2 Bf6 10. Qc2 Nc6 11. Nc3 Nxc3 12. Bxc3 e5 13. dxe5 dxe5 14. Rad1 Qe8 15.
Rfe1 Qh5 16. Ba1 g5 17. Qe2 g4 18. Nd2 e4 19. h3 Bxa1 20. hxg4 fxg4 21. Rxa1
Ne5 22. Bxe4 Nf3+ 23. Nxf3 gxf3 24. Bd5+ Qxd5 25. cxd5 fxe2 26. Rxe2 Bg4 27.
Rc2 Bf3 28. Rxc7 Ra6 29. Rc4 Rh6 30. Rh4 Rxh4 31. gxh4 Bxd5 32. Rc1 Bc6 33. Rc5
a4 34. b4 Rd8 35. Rc2 Kf7 36. a3 Rd3 37. Ra2 Ke6 38. Kf1 Bf3 39. Kg1 Kf5 40.
Kh2 Kg4 41. h5 Rd1 42. Rc2 Rh1# 0-1

[Event "4NCL Division 4 South"]
[Site "Daventry, ENG"]
[Date "2019.04.13"]
[Round "7.41"]
[White "Burrows, Nick"]
[Black "Pink, Joshua"]
[Result "1/2-1/2"]
[WhiteElo "1932"]
[BlackElo "2020"]
[PlyCount "64"]
[EventDate "2019.04.13"]
[WhiteTeam "Oxford 3"]
[BlackTeam "Throw in the Tal"]

1. b3 Nf6 2. Bb2 d5 3. Nf3 c5 4. e3 Nc6 5. Bb5 Bg4 6. h3 Bxf3 7. Qxf3 a6 8.
Bxc6+ bxc6 9. O-O e6 10. d3 Be7 11. Nd2 Rg8 12. c4 g5 13. d4 g4 14. hxg4 Nxg4
15. e4 cxd4 16. exd5 Qc7 17. Qh3 Rg6 18. Ne4 Qf4 19. Rae1 Ne5 20. Bc1 Qf3 21.
Ng3 Qf6 22. Nh5 Nf3+ 23. Kh1 Qh4 24. Qxh4 Nxh4 25. Nf4 Rg4 26. dxe6 f5 27. g3
Nf3 28. Rd1 O-O-O 29. Kg2 Nh4+ 30. Kh3 Nf3 31. Kg2 Nh4+ 32. Kh3 Nf3 1/2-1/2

[Event "4NCL Division 4 South"]
[Site "Daventry, ENG"]
[Date "2019.04.13"]
[Round "7.42"]
[White "Ireland, David J"]
[Black "Alizada, Eldar"]
[Result "1/2-1/2"]
[WhiteElo "2027"]
[BlackElo "1953"]
[PlyCount "113"]
[EventDate "2019.04.13"]
[WhiteTeam "Throw in the Tal"]
[BlackTeam "Oxford 3"]

1. d4 e6 2. Nf3 d5 3. c4 Nf6 4. Nc3 Be7 5. Bf4 O-O 6. e3 a6 7. c5 Nh5 8. Bg3
Nxg3 9. hxg3 Nd7 10. Bd3 h6 11. Bc2 f5 12. b4 c6 13. Qd3 Qc7 14. Nh4 Bxh4 15.
Rxh4 e5 16. O-O-O e4 17. Qf1 b6 18. Bb3 Rb8 19. Kc2 bxc5 20. bxc5 Nf6 21. Na4
Nd7 22. Rb1 a5 23. Rh1 Qa7 24. Kd2 Ba6 25. Qc1 Bd3 26. Rb2 Qa6 27. Qc3 Rb7 28.
Bc2 Rxb2 29. Nxb2 Bf1 30. Bd1 Bxg2 31. Be2 Qb7 32. Rh2 Bf3 33. Bxf3 exf3 34.
Rh1 Nf6 35. Kc2 Rb8 36. Nd3 Qb5 37. Qb3 Ne4 38. Rb1 Qxb3+ 39. axb3 g5 40. Ra1
Rb5 41. Ne5 Nxf2 42. Nxf3 Ng4 43. Re1 Kf7 44. Kc3 Kf6 45. Re2 Rb7 46. Ra2 Re7
47. Ne5 Nxe5 48. dxe5+ Rxe5 49. Kd3 h5 50. Rxa5 h4 51. gxh4 gxh4 52. Ra8 Re6
53. Rg8 Re7 54. Rc8 Re6 55. Rg8 Ke7 56. Rg7+ Kf6 57. Rg8 1/2-1/2

[Event "4NCL Division 4 South"]
[Site "Daventry, ENG"]
[Date "2019.04.13"]
[Round "7.43"]
[White "Panicker, Raj"]
[Black "Goodwin, Ed H"]
[Result "0-1"]
[WhiteElo "1960"]
[BlackElo "1877"]
[PlyCount "54"]
[EventDate "2019.04.13"]
[WhiteTeam "Oxford 3"]
[BlackTeam "Throw in the Tal"]

1. c4 c5 2. g3 g6 3. Bg2 Bg7 4. Nc3 Nc6 5. d3 Nf6 6. e3 d6 7. Nge2 Bg4 8. Rb1
Qc8 9. a3 Bh3 10. O-O h5 11. Nf4 Bxg2 12. Nxg2 h4 13. gxh4 Qh3 14. f3 g5 15.
Nd5 O-O-O 16. b4 e6 17. bxc5 exd5 18. Qb3 Rd7 19. cxd5 Ne5 20. c6 Rc7 21. cxb7+
Kb8 22. hxg5 Nfg4 23. fxg4 Qxh2+ 24. Kf2 Nxg4+ 25. Ke1 Bc3+ 26. Bd2 Bxd2+ 27.
Kxd2 Qxg2+ 0-1

[Event "4NCL Division 4 South"]
[Site "Daventry, ENG"]
[Date "2019.04.13"]
[Round "7.44"]
[White "Davidson, Laura"]
[Black "Staples, Neil"]
[Result "1/2-1/2"]
[WhiteElo "1757"]
[BlackElo "1841"]
[PlyCount "57"]
[EventDate "2019.04.13"]
[WhiteTeam "Throw in the Tal"]
[BlackTeam "Oxford 3"]

1. e4 d5 2. exd5 Qxd5 3. Nc3 Qd8 4. d4 Nf6 5. Nf3 c6 6. Bc4 Bf5 7. O-O e6 8.
Re1 Be7 9. h3 O-O 10. Bf4 Nbd7 11. a3 Nb6 12. Bd3 Bxd3 13. Qxd3 Nbd5 14. Bg3
Nxc3 15. bxc3 Rc8 16. Rad1 a6 17. a4 b5 18. Ra1 Qb6 19. Reb1 Rfd8 20. c4 b4 21.
c3 c5 22. cxb4 cxb4 23. c5 Qxc5 24. Qxa6 Qc3 25. Qb7 Rd7 26. Qb5 Rd5 27. Qb7
Rd7 28. Qb5 $11 Rd5 29. Qb7 1/2-1/2

[Event "4NCL Division 4 South"]
[Site "Daventry, ENG"]
[Date "2019.04.13"]
[Round "7.45"]
[White "Cole, Graham"]
[Black "Price, Andrew"]
[Result "1/2-1/2"]
[WhiteElo "1794"]
[BlackElo "1772"]
[PlyCount "63"]
[EventDate "2019.04.13"]
[WhiteTeam "Oxford 3"]
[BlackTeam "Throw in the Tal"]

1. e4 c5 2. Nf3 d6 3. d4 cxd4 4. Nxd4 Nf6 5. Nc3 a6 6. Be3 e5 7. Nb3 Be6 8. f3
Be7 9. Qd2 d5 10. exd5 Nxd5 11. Nxd5 Qxd5 12. Qxd5 Bxd5 13. O-O-O Be6 14. Nc5
Bxc5 15. Bxc5 f6 16. Rd6 Kf7 17. Kb1 Nc6 18. Be2 Rhd8 19. Rhd1 Rxd6 20. Rxd6
Rd8 21. Rxd8 Nxd8 22. a3 Bd5 23. c4 Bc6 24. Kc1 g5 25. Kd2 Ne6 26. Be3 g4 27.
Ke1 gxf3 28. Bxf3 Bxf3 29. gxf3 Ke7 30. Kd2 Kd6 31. Kd3 Nc5+ 32. Bxc5+ 1/2-1/2

[Event "4NCL Division 4 South"]
[Site "Daventry, ENG"]
[Date "2019.04.13"]
[Round "7.46"]
[White "Woolgar, Steven G"]
[Black "Gentry, Alan E"]
[Result "0-1"]
[WhiteElo "1652"]
[BlackElo "1739"]
[PlyCount "118"]
[EventDate "2019.04.13"]
[WhiteTeam "Throw in the Tal"]
[BlackTeam "Oxford 3"]

1. c4 e6 2. Nc3 d5 3. cxd5 exd5 4. d4 Nf6 5. Nf3 Bb4 6. Bg5 O-O 7. g3 h6 8.
Bxf6 Qxf6 9. Bg2 c6 10. O-O Bf5 11. Qb3 Qe7 12. Rfe1 Nd7 13. a3 Bxc3 14. bxc3
Nf6 15. Nd2 Rfe8 16. c4 Rac8 17. c5 Rc7 18. Ra2 Qe6 19. Nf3 Ne4 20. Nd2 Rce7
21. Nxe4 Bxe4 22. e3 h5 23. Rae2 h4 24. f3 h3 25. Bh1 Bg6 26. e4 dxe4 27. Qxe6
Rxe6 28. fxe4 Bh5 29. Re3 Rd8 30. d5 Re5 31. a4 Bg4 32. a5 Rde8 33. Rb3 cxd5
34. Rxb7 d4 35. Rxa7 d3 36. a6 d2 37. Rf1 Rxc5 38. Rb7 Rc1 39. Rbxf7 Re7 40.
Rf8+ Kh7 41. e5 Rxf1+ 42. Rxf1 d1=Q 43. Rxd1 Bxd1 44. Bb7 Be2 45. a7 Rf7 46.
Bg2 Rxa7 47. Bxh3 Re7 48. e6 Bc4 49. Bf5+ g6 50. Bg4 Bxe6 51. Bf3 Rf7 52. Be4
Bh3 53. Bd3 Kh6 54. Bc4 Rf6 55. Be2 Kg5 56. Bd3 Rd6 57. Be2 Rd2 58. Bf3 Kf6 59.
g4 g5 0-1

[Event "4NCL Division 4 South"]
[Site "Daventry, ENG"]
[Date "2019.04.13"]
[Round "7.51"]
[White "Tivillier, Jacques"]
[Black "Girdlestone, Paul C"]
[Result "1/2-1/2"]
[WhiteElo "1915"]
[BlackElo "2008"]
[PlyCount "46"]
[EventDate "2019.04.13"]
[WhiteTeam "Celtic Tigers 2"]
[BlackTeam "Check Innmates 2"]

1. e4 e5 2. Nf3 Nc6 3. Bc4 g6 4. d4 exd4 5. Bg5 f6 6. Bf4 Qe7 7. O-O Bg7 8. c3
Ne5 9. Bb3 d3 10. Ne1 d6 11. Nxd3 Nh6 12. Nb4 c6 13. Qd2 Nhf7 14. Rd1 a5 15.
Nc2 Bg4 16. Rf1 a4 17. Bxf7+ Kxf7 18. Nba3 Rhd8 19. f3 Be6 20. Nd4 Kg8 21. Nxe6
Qxe6 22. Qe2 Bf8 23. Rfd1 Be7 1/2-1/2

[Event "4NCL Division 4 South"]
[Site "Daventry, ENG"]
[Date "2019.04.13"]
[Round "7.52"]
[White "Tucker, David S"]
[Black "Stevenson, James"]
[Result "0-1"]
[WhiteElo "1980"]
[BlackElo "1994"]
[PlyCount "74"]
[EventDate "2019.04.13"]
[WhiteTeam "Check Innmates 2"]
[BlackTeam "Celtic Tigers 2"]

1. e4 c5 2. Nf3 d6 3. d4 cxd4 4. Nxd4 Nf6 5. Nc3 a6 6. g3 e5 7. Nb3 Nbd7 8. Bg2
b5 9. O-O Bb7 10. Qe2 Be7 11. Bg5 O-O 12. Rfd1 b4 13. Bxf6 Nxf6 14. Nd5 Nxd5
15. exd5 Qb6 16. h4 Rae8 17. Qe3 Bd8 18. Qxb6 Bxb6 19. a3 bxa3 20. Rxa3 f5 21.
Na5 Bc8 22. Nc4 Bc5 23. b4 Bxb4 24. Rb3 Bc5 25. Nb6 f4 26. Nxc8 Rxc8 27. g4 a5
28. Ra1 Bd4 29. Ra2 Rc3 30. Be4 Rg3+ 31. Kf1 Rxg4 32. Rh3 f3 33. Bxf3 Rgf4 34.
c3 Bc5 35. Kg2 e4 36. Bxe4 Rxe4 37. f3 Re3 0-1

[Event "4NCL Division 4 South"]
[Site "Daventry, ENG"]
[Date "2019.04.13"]
[Round "7.53"]
[White "Webster, David"]
[Black "O'Byrne, Daniel"]
[Result "1-0"]
[WhiteElo "1962"]
[BlackElo "1742"]
[PlyCount "103"]
[EventDate "2019.04.13"]
[WhiteTeam "Celtic Tigers 2"]
[BlackTeam "Check Innmates 2"]

1. e4 e6 2. d3 d5 3. Nd2 Nf6 4. Ngf3 dxe4 5. dxe4 Bc5 6. Bd3 Nc6 7. Nb3 Bb6 8.
c3 e5 9. h3 Be6 10. O-O a6 11. Qe2 h6 12. Nbd2 O-O 13. Nc4 Nd7 14. Nxb6 Nxb6
15. b3 Re8 16. Bb2 Qf6 17. Nh2 Qh4 18. Ng4 Bxg4 19. Qxg4 Qxg4 20. hxg4 Rad8 21.
Rad1 f6 $11 22. g3 Rd7 23. Bc4+ Kh7 24. Rxd7 Nxd7 25. Bd5 Nd8 26. Bc4 Nc5 27.
f3 b5 28. Be2 Kg8 29. Ba3 Nde6 30. Rd1 Kf7 31. c4 c6 32. cxb5 axb5 33. Bxc5
Nxc5 34. Rc1 Ne6 35. Rxc6 Nd4 36. Rc7+ Kg6 37. Bd1 Ra8 38. a4 bxa4 39. bxa4 Rb8
40. Rc1 Rb2 41. Ra1 Rb6 42. Kf2 Rc6 43. a5 Ra6 44. Be2 Ra7 45. a6 Nxe2 46. Kxe2
Kg5 47. Kd3 h5 48. gxh5 Kxh5 49. Kc4 g5 50. g4+ Kh4 51. Kb5 Kg3 52. Ra3 1-0

[Event "4NCL Division 4 South"]
[Site "Daventry, ENG"]
[Date "2019.04.13"]
[Round "7.54"]
[White "Headlong, Benjamin"]
[Black "Buttell, David"]
[Result "1/2-1/2"]
[WhiteElo "1765"]
[BlackElo "1945"]
[PlyCount "100"]
[EventDate "2019.04.13"]
[WhiteTeam "Check Innmates 2"]
[BlackTeam "Celtic Tigers 2"]

1. e4 c5 2. d4 cxd4 3. c3 dxc3 4. Nxc3 d6 5. Nf3 Nf6 6. e5 dxe5 7. Bb5+ Bd7 8.
Nxe5 Nc6 9. Nxd7 Qxd7 10. Qxd7+ Nxd7 11. Bxc6 bxc6 12. O-O e6 13. Be3 Be7 14.
Rfd1 Nf6 15. Bg5 Nd5 16. Bxe7 Kxe7 17. Ne4 Rhb8 18. b3 a5 19. Nc5 Ra7 20. Rac1
h6 21. Na4 g6 22. h3 Nb6 23. Nxb6 Rxb6 24. Rc4 Rb4 25. Rxc6 a4 26. Rc4 Rab7 27.
Rxb4 Rxb4 28. bxa4 Rxa4 29. Rd2 e5 30. f3 f5 31. Kf2 Ke6 32. g4 f4 33. h4 g5
34. h5 e4 35. fxe4 Ke5 36. Rb2 Kxe4 37. Re2+ Kd5 38. Rb2 Ra3 39. Rb5+ Kc4 40.
Rb6 Rxa2+ 41. Kf3 Ra3+ 42. Kf2 Rg3 43. Rxh6 Rxg4 44. Rg6 Kd4 45. h6 Ke4 46. h7
Rh4 47. Rxg5 Rxh7 48. Ra5 Rh2+ 49. Kf1 f3 50. Ra8 Ke3 1/2-1/2

[Event "4NCL Division 4 South"]
[Site "Daventry, ENG"]
[Date "2019.04.13"]
[Round "7.55"]
[White "Kelmendi, Bajrush"]
[Black "Headlong, Fenella"]
[Result "1/2-1/2"]
[WhiteElo "1942"]
[BlackElo "1756"]
[PlyCount "123"]
[EventDate "2019.04.13"]
[WhiteTeam "Celtic Tigers 2"]
[BlackTeam "Check Innmates 2"]

1. c4 e5 2. Nc3 Nf6 3. e4 Bc5 4. d3 d6 5. Be2 c6 6. Be3 Bxe3 7. fxe3 Qb6 8. Qd2
Ng4 9. Bxg4 Bxg4 10. h3 Be6 11. Nf3 Nd7 12. O-O O-O 13. Ng5 h6 14. Nxe6 fxe6
$11 15. Kh2 Nf6 16. Rf3 d5 17. exd5 cxd5 18. cxd5 exd5 19. Raf1 e4 20. Rf5 d4
21. exd4 Qxd4 22. Nxe4 Nxe4 23. Rxf8+ Rxf8 24. Rxf8+ Kxf8 25. Qf4+ Kg8 26. Qxe4
Qxb2 27. d4 Qxa2 28. d5 Qa6 29. Qe8+ Kh7 30. Qe7 Qc4 31. d6 Qf4+ 32. Kg1 Qd4+
33. Kf1 Qd1+ 34. Kf2 Qd4+ 35. Kg3 Qc3+ 36. Kh2 a5 37. d7 Qc7+ 38. Kg1 Qc1+ 39.
Kf2 Qf4+ 40. Ke2 Qc4+ 41. Kf3 Qc3+ 42. Kg4 Qc4+ 43. Kg3 Qc7+ 44. Kf3 Qc3+ 45.
Qe3 Qf6+ 46. Ke2 Qb2+ 47. Qd2 Qe5+ 48. Kf1 Qa1+ 49. Qe1 Qf6+ 50. Kg1 Qd4+ 51.
Kh1 Qxd7 52. Qxa5 b5 53. Qc3 Qd1+ 54. Kh2 Qd6+ 55. g3 b4 56. Qc2+ Qg6 57. Qb3
Qe4 58. h4 Qe2+ 59. Kh3 Qf1+ 60. Kh2 Qf2+ 61. Kh3 Qd4 62. Qc2+ 1/2-1/2

[Event "4NCL Division 4 South"]
[Site "Daventry, ENG"]
[Date "2019.04.13"]
[Round "7.56"]
[White "Headlong, Georgia"]
[Black "White, John"]
[Result "1-0"]
[WhiteElo "1615"]
[BlackElo "1787"]
[PlyCount "91"]
[EventDate "2019.04.13"]
[WhiteTeam "Check Innmates 2"]
[BlackTeam "Celtic Tigers 2"]

1. e4 c5 2. Nc3 e6 3. g3 a6 4. Bg2 d6 5. Nf3 Qc7 6. d4 cxd4 7. Nxd4 Be7 8. f4
Nf6 9. O-O Nbd7 10. Be3 Rb8 11. Qe2 b6 12. e5 dxe5 13. Nc6 Bb7 14. Nxb8 Qxb8
15. fxe5 Qxe5 16. Bf4 Bc5+ 17. Kh1 Qxe2 18. Nxe2 Bxg2+ 19. Kxg2 Nd5 20. Nc3
Nxc3 21. bxc3 Nf6 22. Kf3 Nd7 23. Rad1 Ke7 24. Rd3 Rd8 25. Rfd1 f6 26. Bc7 Ne5+
27. Bxe5 Rxd3+ 28. cxd3 fxe5 29. Ke4 Bd6 30. Rb1 b5 31. Rb3 Kd7 32. Rb1 Ke7 33.
Re1 a5 34. Rb1 b4 35. cxb4 axb4 36. Rc1 Kd7 37. h4 g6 38. h5 g5 39. Rf1 Ke7 40.
g4 h6 41. d4 exd4 42. Kxd4 Bf4 43. Kd3 Bd6 44. Kc4 e5 45. Kd5 e4 46. Re1 1-0

[Event "4NCL Division 4 South"]
[Site "Daventry, ENG"]
[Date "2019.04.13"]
[Round "7.61"]
[White "Gilbert, Jonathan A"]
[Black "Paterson, Andrew I"]
[Result "0-1"]
[WhiteElo "2025"]
[BlackElo "2065"]
[PlyCount "76"]
[EventDate "2019.04.13"]
[WhiteTeam "The Full Ponty"]
[BlackTeam "Warwickshire Select 2"]

1. e4 c5 2. Nf3 Nc6 3. d4 cxd4 4. Nxd4 e5 5. Nb5 d6 6. a4 Be7 7. N1c3 a6 8. Na3
Nf6 9. Nc4 Nxe4 10. Nxe4 d5 11. Ned2 dxc4 12. Bxc4 Bf5 13. c3 O-O 14. O-O Qc7
15. Qf3 Bg6 16. Ba2 Kh8 17. Ne4 Rad8 18. Be3 Na5 19. Rad1 Nc4 20. Bc1 h6 21.
Ng3 Nd6 22. Qe2 Qa5 23. Bb3 $11 Qb6 24. Bd5 Qa5 25. Bb3 e4 26. Rd5 Qb6 27. Ba2
f5 28. Rfd1 f4 29. Nh5 Bg5 30. Qg4 e3 31. Rxg5 hxg5 32. Qh3 Bf5 33. Qf3 exf2+
34. Kh1 Ne4 35. Rf1 Rd6 36. h4 Rg6 37. hxg5 Rxg5 38. Nxf4 Ng3+ 0-1

[Event "4NCL Division 4 South"]
[Site "Daventry, ENG"]
[Date "2019.04.13"]
[Round "7.62"]
[White "Cooper, David M"]
[Black "Davies, Peter"]
[Result "1/2-1/2"]
[WhiteElo "2031"]
[BlackElo "1944"]
[PlyCount "35"]
[EventDate "2019.04.13"]
[WhiteTeam "Warwickshire Select 2"]
[BlackTeam "The Full Ponty"]

1. Nf3 Nf6 2. c4 e6 3. g3 d5 4. Bg2 Be7 5. O-O O-O 6. b3 b6 7. Bb2 Bb7 8. d4 c5
9. e3 Nc6 10. Nbd2 Rc8 11. Rc1 Nb4 12. Qe2 Nxa2 13. Ra1 Nb4 14. Rxa7 Qc7 15.
Ne5 Ra8 16. Rfa1 Rxa7 17. Rxa7 Ra8 18. Rxa8+ 1/2-1/2

[Event "4NCL Division 4 South"]
[Site "Daventry, ENG"]
[Date "2019.04.13"]
[Round "7.63"]
[White "James, Dai"]
[Black "Colburn, Paul J"]
[Result "0-1"]
[WhiteElo "1857"]
[BlackElo "1898"]
[PlyCount "64"]
[EventDate "2019.04.13"]
[WhiteTeam "The Full Ponty"]
[BlackTeam "Warwickshire Select 2"]

1. e4 Nf6 2. Nc3 e5 3. Nf3 Nc6 4. d4 exd4 5. Nxd4 Bc5 6. Nb3 Bb4 7. Bd2 O-O 8.
Bd3 Re8 9. f3 d5 10. O-O Ne5 11. a3 dxe4 12. Bxe4 Bd6 13. Bg5 h6 14. Bh4 c6 15.
Bf2 Neg4 16. g3 Qc7 17. Kg2 Nxf2 18. Rxf2 Qd7 19. Bf5 Qxf5 20. Qxd6 Be6 21. Rd1
Bd5 22. Nd4 Qh5 23. Rdd2 Ng4 24. h3 Ne3+ 25. Kg1 Nc4 26. Qf4 Nxd2 27. Rxd2 Qe5
28. Nxd5 Qxd5 29. Kh2 Rad8 30. Qg4 Qc4 31. b3 Qf1 32. f4 Re1 0-1

[Event "4NCL Division 4 South"]
[Site "Daventry, ENG"]
[Date "2019.04.13"]
[Round "7.64"]
[White "Cundy, Mark A"]
[Black "Taylor, Robert Graham"]
[Result "1-0"]
[WhiteElo "1855"]
[BlackElo "1851"]
[PlyCount "79"]
[EventDate "2019.04.13"]
[WhiteTeam "Warwickshire Select 2"]
[BlackTeam "The Full Ponty"]

1. e4 Nf6 2. e5 Nd5 3. d4 d6 4. Nf3 e6 5. c4 Nb6 6. Nc3 Be7 7. Be3 Nc6 8. exd6
cxd6 9. Be2 O-O 10. O-O d5 11. c5 Nd7 12. Qa4 f5 13. b4 f4 14. Bd2 g5 15. b5
Ncb8 16. h3 Qe8 17. Qc2 h6 18. Rae1 Qf7 19. Bd3 Nf6 20. Ne5 Qg7 21. a4 Bd8 22.
Re2 Nbd7 23. Nf3 g4 24. hxg4 Qxg4 25. Nh2 Qh4 26. Rxe6 Nxc5 27. Rxf6 Rxf6 28.
dxc5 f3 29. Nxd5 Rf7 30. Nxf3 Rxf3 31. gxf3 Be6 32. Bc4 Bf7 33. Qe4 Qh5 34.
Qg4+ Qxg4+ 35. fxg4 Bh4 36. Bxh6 Kh7 37. Be3 Rg8 38. f3 Bd8 39. Rd1 Bg6 40. g5
1-0

[Event "4NCL Division 4 South"]
[Site "Daventry, ENG"]
[Date "2019.04.13"]
[Round "7.65"]
[White "Quinn, Peter"]
[Black "Dicen, Imogen"]
[Result "0-1"]
[WhiteElo "1838"]
[BlackElo "1832"]
[PlyCount "100"]
[EventDate "2019.04.13"]
[WhiteTeam "The Full Ponty"]
[BlackTeam "Warwickshire Select 2"]

1. e4 c5 2. Nf3 Nc6 3. d4 cxd4 4. Nxd4 d6 5. Nc3 Nf6 6. Be2 g6 7. Be3 Bg7 8. f3
a6 9. Qd2 O-O 10. O-O-O Qc7 11. g4 Nxd4 12. Bxd4 Be6 13. g5 Nh5 14. Bxg7 Nxg7
15. f4 b5 16. h4 b4 17. Nd5 Bxd5 18. exd5 Qc5 19. h5 Nf5 20. Rh3 Kg7 21. Bg4
Rfd8 22. Bxf5 gxf5 23. g6 fxg6 24. hxg6 hxg6 25. Qe2 Qc7 26. Re1 Re8 27. Rg3 e5
28. dxe6 Kf6 29. Reg1 Rg8 30. Qg2 Qg7 31. Qd5 Rad8 32. Re3 Qa7 33. Rge1 Ke7 34.
Qg2 d5 35. Qg5+ Ke8 36. Rh3 Qf2 37. Reh1 Rc8 38. c3 bxc3 39. bxc3 d4 40. Qf6
Qxf4+ 41. Kc2 Qe4+ 42. Kb2 Qb7+ 43. Kc2 dxc3 44. Rxc3 Qg2+ 45. Kb3 Rb8+ 46. Kc4
Qe4+ 47. Kc5 Rb5+ 48. Kd6 Qd5+ 49. Kc7 Qb7+ 50. Kd6 Rd5# 0-1

[Event "4NCL Division 4 South"]
[Site "Daventry, ENG"]
[Date "2019.04.13"]
[Round "7.66"]
[White "Amir, Zain"]
[Black "Dixon, Chris"]
[Result "0-1"]
[WhiteElo "1330"]
[BlackElo "1756"]
[PlyCount "90"]
[EventDate "2019.04.13"]
[WhiteTeam "Warwickshire Select 2"]
[BlackTeam "The Full Ponty"]

1. c4 Nf6 2. Nc3 g6 3. g3 Bg7 4. Bg2 O-O 5. e3 d6 6. Nge2 Nbd7 7. O-O e5 8. b3
Re8 9. Bb2 a6 10. Re1 Rb8 11. d4 e4 12. Qc2 Qe7 13. Red1 h5 14. Nf4 c6 15. d5
c5 16. Nh3 Nf8 17. Ng5 Bf5 18. Re1 N8h7 19. h4 Nxg5 20. hxg5 Ng4 21. Ne2 Bxb2
22. Qxb2 Qxg5 23. Nf4 Ne5 24. Kf1 Nf3 25. Red1 Bg4 26. Rdc1 Qf5 27. b4 b6 28.
a3 g5 29. Bxf3 exf3 30. Nxh5 Bxh5 31. Ke1 Qe5 32. Qxe5 Rxe5 33. Rab1 Bg6 34.
Rb3 Ree8 35. Rcc3 Kg7 36. Rb2 Rh8 37. bxc5 bxc5 38. Rcb3 Rxb3 39. Rxb3 Rh1+ 40.
Kd2 Rf1 41. Rb6 Rxf2+ 42. Ke1 Rc2 43. Rxd6 f2+ 44. Kf1 Bd3+ 45. Kg2 f1=Q# 0-1

[Event "4NCL Division 4 South"]
[Site "Daventry, ENG"]
[Date "2019.04.13"]
[Round "7.71"]
[White "See, Tristian"]
[Black "Adebajo, Olufemi"]
[Result "1-0"]
[WhiteElo "2042"]
[BlackElo "1915"]
[PlyCount "47"]
[EventDate "2019.04.13"]
[WhiteTeam "Poisoned Pawns - Next Generation"]
[BlackTeam "MK Phoenix 2"]

1. e4 c5 2. Nf3 Nc6 3. Bb5 Nd4 4. Nxd4 cxd4 5. O-O e6 6. d3 Be7 7. f4 Nf6 8.
Nd2 O-O 9. Nf3 Qb6 10. Ba4 Ng4 11. Qe2 Ne3 12. Bxe3 dxe3 13. Bb3 a5 14. a4 Bc5
15. Rad1 Bd4 16. Nxd4 Qxd4 17. c3 Qb6 18. Ba2 Qc6 19. Ra1 b5 20. Qxe3 bxa4 21.
f5 Rb8 22. f6 Qb6 23. d4 Ba6 24. Qg5 1-0

[Event "4NCL Division 4 South"]
[Site "Daventry, ENG"]
[Date "2019.04.13"]
[Round "7.72"]
[White "Majer, Chris E"]
[Black "McMahon, Paul"]
[Result "0-1"]
[WhiteElo "1850"]
[BlackElo "1892"]
[PlyCount "64"]
[EventDate "2019.04.13"]
[WhiteTeam "MK Phoenix 2"]
[BlackTeam "Poisoned Pawns - Next Generation"]

1. e4 e5 2. Bc4 Nf6 3. d4 exd4 4. Nf3 Nc6 5. e5 d5 6. Bb5 Ne4 7. Nxd4 Bd7 8.
Bxc6 bxc6 9. O-O Bc5 10. f3 Ng5 11. f4 Ne4 12. Be3 Bb6 13. Nd2 Nxd2 14. Qxd2 c5
15. Nb3 d4 16. Bf2 Bc6 17. Bg3 h5 18. Na5 Bd5 19. h3 h4 20. Bh2 Rh6 21. f5 c4
22. Qb4 Qg5 23. Qb5+ c6 24. Qxd5 cxd5 25. Nb7 d3+ 26. Kh1 dxc2 27. Nd6+ Kf8 28.
Rae1 Be3 29. e6 fxe6 30. fxe6+ Rf6 31. Nf7 Rxf1+ 32. Rxf1 Qf6 0-1

[Event "4NCL Division 4 South"]
[Site "Daventry, ENG"]
[Date "2019.04.13"]
[Round "7.73"]
[White "Volovich, Julia"]
[Black "Obi, Marc On"]
[Result "1-0"]
[WhiteElo "1885"]
[BlackElo "1827"]
[PlyCount "101"]
[EventDate "2019.04.13"]
[WhiteTeam "Poisoned Pawns - Next Generation"]
[BlackTeam "MK Phoenix 2"]

1. d4 c5 2. d5 d6 3. Nc3 g6 4. e4 Nf6 5. Bb5+ Nbd7 6. a4 a6 7. Be2 Bg7 8. h3
O-O 9. Nf3 Qc7 10. Be3 Re8 11. O-O e6 12. dxe6 Rxe6 13. Bc4 Re8 14. Bf4 Ne5 15.
Nxe5 dxe5 16. Be3 Be6 17. Qe2 Nh5 18. Bxe6 Rxe6 19. Nd5 Qc6 20. Qc4 Rc8 21.
Rfd1 b5 22. axb5 axb5 23. Qb3 c4 24. Qc3 Nf4 25. Qd2 Ree8 26. Ra7 Nxd5 27. Qxd5
Qxd5 28. Rxd5 c3 29. b3 b4 30. Rdd7 Ra8 31. Rxf7 Rxa7 32. Rxa7 Bf8 33. Kf1 h5
34. Ke2 Rd8 35. Ra5 Bd6 36. Rd5 Kf7 37. Bc5 Ke7 38. Rxe5+ Kf6 39. Rd5 Ke7 40.
Bxd6+ Rxd6 41. Rxd6 Kxd6 42. f4 h4 43. Kf3 Kc5 44. Kg4 Kd4 45. f5 gxf5+ 46.
exf5 Ke3 47. f6 Kd2 48. f7 Kxc2 49. f8=Q Kxb3 50. Qc5 c2 51. Kxh4 1-0

[Event "4NCL Division 4 South"]
[Site "Daventry, ENG"]
[Date "2019.04.13"]
[Round "7.74"]
[White "Matthews, Adrian M S"]
[Black "Srivastava, Arnav"]
[Result "1-0"]
[WhiteElo "1815"]
[BlackElo "1870"]
[PlyCount "99"]
[EventDate "2019.04.13"]
[WhiteTeam "MK Phoenix 2"]
[BlackTeam "Poisoned Pawns - Next Generation"]

1. e4 e5 2. Nf3 Nc6 3. Bb5 a6 4. Ba4 Nf6 5. O-O Be7 6. Re1 b5 7. Bb3 O-O 8. d4
d6 9. c3 Bg4 10. Be3 Bxf3 11. Qxf3 Qd7 12. h3 Rad8 13. d5 Na5 14. Bc2 Nc4 15.
Bc1 c6 16. a4 cxd5 17. exd5 Qb7 18. a5 Qc7 19. b4 Qb7 20. Rd1 Rfe8 21. Na3 Rc8
22. Nxc4 Rxc4 23. Bb2 Bf8 24. Bb3 Rc7 25. Qe3 g6 26. Rac1 Bg7 27. Rc2 Nd7 28.
Re2 f5 29. f4 e4 30. g4 Rec8 31. Rc1 Kh8 32. gxf5 gxf5 33. Rg2 Qa7 34. Qxa7
Rxa7 35. Rg5 Rf8 36. Kh2 h6 37. Rg6 Rf6 38. Rcg1 Nf8 39. R6g2 Rff7 40. Rxg7
Rxg7 41. c4 e3 42. Rxg7 Rxg7 43. Bxg7+ Kxg7 44. Kg2 e2 45. Kf2 bxc4 46. Bxc4
Ng6 47. Kxe2 Nxf4+ 48. Kf3 Nxh3 49. Bxa6 Ng5+ 50. Kf4 1-0

[Event "4NCL Division 4 South"]
[Site "Daventry, ENG"]
[Date "2019.04.13"]
[Round "7.75"]
[White "Weersing, Abigail Riis"]
[Black "Whiteside, Robert"]
[Result "1-0"]
[WhiteElo "1862"]
[BlackElo "1807"]
[PlyCount "81"]
[EventDate "2019.04.13"]
[WhiteTeam "Poisoned Pawns - Next Generation"]
[BlackTeam "MK Phoenix 2"]

1. e4 e6 2. d4 d5 3. Nd2 Nf6 4. e5 Nfd7 5. Bd3 c5 6. c3 Nc6 7. Ne2 Be7 8. f4
Nf8 9. O-O Ng6 10. Nf3 Qb6 11. Kh1 Bd7 12. Bc2 O-O-O 13. Ng3 Nh4 14. Nxh4 Bxh4
15. Ne2 Kb8 16. Rf3 g6 17. Rb1 Rc8 18. dxc5 Qxc5 19. Be3 Qf8 20. b4 b6 21. a4
d4 22. Nxd4 Nxd4 23. cxd4 Bc6 24. Rh3 Qd8 25. Qe2 Be7 26. a5 Bd5 27. Bf2 Bc4
28. Bd3 b5 29. Qf3 h5 30. Be4 Ba2 31. Ra1 Bd5 32. a6 Bxb4 33. Bxd5 exd5 34. Qb3
Rc4 35. Be1 Qe7 36. Rb1 Rhc8 37. Re3 Rc1 38. Qxb4 Qxb4 39. Rxb4 R8c3 40. Rxb5+
Ka8 41. Rxd5 1-0

[Event "4NCL Division 4 South"]
[Site "Daventry, ENG"]
[Date "2019.04.13"]
[Round "7.76"]
[White "Shaw, John S"]
[Black "Weersing, Sarah"]
[Result "0-1"]
[WhiteElo "1707"]
[BlackElo "1787"]
[PlyCount "54"]
[EventDate "2019.04.13"]
[WhiteTeam "MK Phoenix 2"]
[BlackTeam "Poisoned Pawns - Next Generation"]

1. Nf3 Nf6 2. g3 d5 3. Bg2 c6 4. O-O Bf5 5. d3 h6 6. Nbd2 e6 7. Re1 Bc5 8. d4
Bb6 9. c4 Nbd7 10. b3 O-O 11. Bb2 Re8 12. e3 Bc7 13. Rc1 e5 14. dxe5 Nxe5 15.
Nxe5 Bxe5 16. Bxe5 Rxe5 17. Nf3 Re7 18. cxd5 Nxd5 19. Nd4 Bg6 20. a3 Rd7 21.
Qg4 Nf6 22. Qf4 Qa5 23. a4 Nd5 24. Qg4 Rad8 25. Bxd5 Rxd5 26. Qe2 c5 27. Qb5
cxd4 0-1